Návrh riadiacej časti programovateľného nízko-šumového napájacieho zdroja

Na minha lista:
Detalhes bibliográficos
Autor principal: Papán, Radoslav (Author)
Outros Autores: Arbet, Daniel (Thesis advisor)
Formato: Manuscrito Livro
Idioma:eslovaco
Publicado em: 2019
Assuntos:
Acesso em linha:http://is.stuba.sk/zp/portal_zp.pl?podrobnosti=143735
Tags: Adicionar Tag
Sem tags, seja o primeiro a adicionar uma tag!

MARC

LEADER 00000ntm a22000003a 4500
001 stuzp69516
003 SK-STU
005 20190624135354.9
007 ta
008 150427s2015----xo-----f-mn---000-0-slo-d
040 |a STU  |b slo 
041 0 |a slo 
044 |a xo 
100 1 |a Papán, Radoslav  |u 033000  |k Z4  |4 aut  |U FEI Fakulta elektrotechniky a informatiky  |T FEI Ústav elektroniky a fotoniky  |X 74525  |U E030  |Y 549  |7 74525 
242 0 1 |a Design of Control Part of a Programable Low-Noise Power Supply  |y eng 
245 1 0 |a Návrh riadiacej časti programovateľného nízko-šumového napájacieho zdroja 
260 |c 2019 
300 |a 70 s., príl.,  |b CD-ROM 
650 4 |a Napájací zdroj  |2 slo 
650 4 |a DA prevodník  |2 slo 
650 4 |a Mikrokontrolér  |2 slo 
650 4 |a DA Converter  |2 eng 
650 4 |a Microcontroller  |2 eng 
650 4 |a Voltage supply  |2 eng 
700 1 |a Arbet, Daniel  |u 033000  |k Z2  |4 ths  |U FEI Fakulta elektrotechniky a informatiky  |T FEI Ústav elektroniky a fotoniky  |X 11597  |U E030  |Y 549  |7 A000011597 
856 4 |u http://is.stuba.sk/zp/portal_zp.pl?podrobnosti=143735 
996 |b 284EP12175  |c E*DIPL- 12175  |l EE33  |s P  |a 0  |w stuzp69516_0001